01234nam a2200169 a 4500090002100000041000800021100003800029245013700067260005300204300001100257520059400268650002500862650002600887662002400913773011200937999001501049 aIAVHb00765 CD-1 aspa aBustamante Zamudio, Clarita93047 aPasos a seguir para el ejercicio metodológico en el diagnóstico de agroecosistemas como base para el estudio de la biodiversidad aBogotábInstituto Alexander von Humboldtc2004 a118 p. aEl diagnóstico de agroecosistemas se constituye en un espacio para la confluencia tanto de diferentes disciplinas académicas que contribuyen a hacer operativo el enfoque en sistemas de aplicacion práctica como en los resultados obtenidos en el Proyecto Biodiversidad y Desarrollo en Ecorregiones Estratégicas de Colombia, Orinoquía, en los temas de acción, manejo de ecosistemas, política intersectorial, inventarios de biodiversidad y conocimiento tradicional. Se hacen algunas sugerencias en aspectos relevantes del componente de Agroecosistemas en el Proyecto mencionado.  aBiodiversidad992204 aConservación992401 aColombiacOrinoquia0 0598699704abdBogotá Informatica documental 2007o024802tInformes de investigaciones IAVH en PDFwxz c6053d6053